Избрани стихотворения (Запис номер 343002)
[ съкратено ]
| 000 -Лидер | |
|---|---|
| Контролно поле с фиксирана дължина | nam a22 a 4500 |
| 003 - Код на организацията, давaща контролен номер | |
| Контролно поле | BLK |
| 005 - Дата и час на последна редакция | |
| Контролно поле | 20230405105452.0 |
| 008 - Елементи от данни с фиксирана дължина | |
| fixed length control field | 180911b bul|||||r ||||||| ||bul|| |
| 010 ## - Наследен системен номер | |
| LC control number | 002663 |
| 040 ## - Източник на каталожния запис | |
| Идентификатор на билиотеката - собственик на записа | BLK |
| 041 ## - Код за език | |
| Код за езика на текст/звукозапис или на отделно заглавие | Български |
| Код за езика КДБФ | Български |
| 080 ## - УДК | |
| УДК - код + определител | 821.163.2-1(081) |
| Текстов определител УДК | Българска литература |
| УДК код - определител по УДК | 821.163.2 |
| УДК определител | -1(081) |
| 100 ## - Редна дума - Автор | |
| Автор | Христов, Кирил |
| Дати, свързани с автора | 1875-1944 |
| Автор - информация (биография) | Поет, писател, драматург, публицист, преводач |
| Пълна форма на името | Генчев, Кирил Христов |
| R(LIN) | 396616 |
| 139 ## - Редно поле | |
| Редна дума | Христов, Кирил |
| 245 00 - Сведения за заглавието | |
| Заглавие | Избрани стихотворения |
| Редно поле (дума) | Кирил Христов; с предг. от Ив. Вазов |
| 246 ## - Различни форми на заглавието | |
| Наименование на поредна част от произведението | лирика-стихотворения |
| 260 ## - Област на издателските данни | |
| Място на издаване, разпространение и проч. | София |
| Име на издателя, разпространителя и проч. | сп. Просвета |
| Година на издаване | 1903 |
| Печатница | П. М. Бъзайтов |
| 300 ## - Физическа характеристика | |
| Страници | 320, VIII с., 1 л |
| Илюстрации и др. | портр. |
| Размери/Мащаб | 23 см |
| 380 ## - Жанр | |
| Жанр | Литературознание |
| 490 ## - СЕРИИ (Колекции) | |
| Име на серия | Частна колекция - Академик Михаил Арнаудов |
| Бележки за серията | Дарение - Основен фонд |
| 9 (RLIN) | 396381 |
| 500 ## - Общи забележки | |
| Забележка | Михаил Арнаудов: негови-книга-лист-ръкопис. - Михаил Арнаудов: подпис. - Датиране на книгата : 2. VIII. 65. Подчертавания и коментарии върху текста. Списък със заглавия на подбрани стихотворения и съответните страници в книгата : с. 188 |
| 500 ## - Общи забележки | |
| Забележка | Пълното име на авт. Кирил Христов Генчев |
| 520 ## - Забележка за наличие на резюме, анотация и т.н | |
| Анотация, рецензия, сканиран текст | |
| 650 ## - Допълнително описание по предмет – тема | |
| Основно описание – тема или топоним | Поезия |
| 9 (RLIN) | 166642 |
| 653 ## - Ключова дума – ненормативна | |
| Ключова дума | лирика |
| 653 ## - Ключова дума – ненормативна | |
| Ключова дума | стихотворения |
| 655 ## - Ключова дума – жанр/разновидност | |
| Данни за жанр/разновидност или ключова дума за фокус | българска литература |
| 700 1# - Други автори (авторска отговорност) | |
| Лично име | Кирил Христов |
| 9 (RLIN) | 398309 |
| 700 1# - Други автори (авторска отговорност) | |
| Лично име | Иван Вазов |
| Автороска отговорност (Описва отношението между автора и произведението) | Предг. |
| 9 (RLIN) | 398310 |
| 852 ## - Местоположение | |
| Форматна сигнатура | МА 1613 |
| Фондова буква | Фонд "Михаил Арнаудов" |
| 852 ## - Местоположение | |
| Форматна сигнатура | Цб 75371 |
| Фондова буква | Хранилище |
| 999 ## - СИСТЕМНИ КОНТРОЛНИ НОМЕРА | |
| Koha biblionumber | 343002 |
| Koha biblioitemnumber | 343002 |
| 942 ## - АРТИКУЛИ | |
| Вид на библиотечния материал | Книги |
| Скрит в OPAC | Не |
| Периодичен библиозапис | Да |
| 944 ## - СЪЗДАВАНЕ И РЕДАКЦИЯ на ЗАПИСА | |
| Създаване/Редакция | Създаване |
| Дата на регистрацията/редакция | 2022-09-20 |
| Служител, извършил регистрацията/редакцията | Микаела Микова-Илиева |
| 999 ## - СИСТЕМНИ КОНТРОЛНИ НОМЕРА | |
| Koha biblioitemnumber | 343002 |
| 999 ## - СИСТЕМНИ КОНТРОЛНИ НОМЕРА | |
| Koha biblioitemnumber | 343002 |
| Код за отписване | Код за изгубен артикул | Източник на класификационната схема | Код за повреда | Коз за рестрикции | Код за отдаване | Артикулен № | Име на библиотеката - собственик | Име на библиотеката, в която се намира в момента | Статус (Текущо местоположение) | Местоположение - отдел | Цена в лева | Номерация (Хронология) | Инвентарен номер | Систематично азбучна сигнатура | Баркод | Номер на екземпляра | Цена в евро | Служебен тип на артикула | Дата на вписване в системата |
|---|---|---|---|---|---|---|---|---|---|---|---|---|---|---|---|---|---|---|---|
| Не е изгубен | Universal Decimal Classification | Не е повреден | без рестрикции | ползва се в читалня | 743143 | Регионална библиотека "Любен Каравелов" Русе | Регионална библиотека "Любен Каравелов" Русе | Фонд "Михаил Арнаудов" | Фонд "Михаил Арнаудов" | 200.00 | 589059 | МА 1613 | 120000589059 | 1 | 102.26 | Книги | |||
| Не е изгубен | Universal Decimal Classification | Не е повреден | само за читалня | ползва се в читалня | 905882 | Регионална библиотека "Любен Каравелов" Русе | Регионална библиотека "Любен Каравелов" Русе | Хранилище | Основен фонд - ползва се само за читалня | 0.00 | 453756 | Цб 75371 | 120000453756 | 0.00 | Книги | 2022-09-30 |